BTS Questions - Statistics

General Stats
  • This quiz has been taken 295 times
  • The average score is 19 of 42
Answer Stats
Question Answer % Correct
How many members are there? 7
100%
What would be Jimin's name if it wasn't Jimin? Baby J
100%
Who is the oldest? Jin
99%
Who is the youngest? Jungkook
98%
Which member is the same age as Jimin? V
94%
Hoseok's stage name J-Hope
93%
Who sang Serendipity? Jimin
87%
Member that sings in Respect: Suga
85%
Member that sings in Respect: RM
84%
RM's former name Rap Monster
76%
BTS - Boy With Luv ft. Halsey
69%
Jin, Suga J-Hope and RM are called Hyung
59%
Jimin, V and Jungkook are called Maknae
59%
EVERYBODY SAY N.O
58%
The rap series Cypher
50%
Who gets the least lines (write full name) Kim Seokjin
50%
Ssak da bultaewora bow wow wow FIRE
49%
Silver Spoon Baepsae
44%
BTS' web series Run BTS
42%
What album is Epiphany from? Love Yourself: Answer
40%
BTS' most viewed MV DNA
35%
BTS' main producer Pdogg
33%
Song described as "misogynistic" War Of Hormone
33%
What does BTS stand for in English Bulletproof Boy Scouts
31%
What does BTS stand for in Romanization Bangtan sonyeondan
29%
The rap line song that isn't in an album Ddaeng
29%
What does RM stand for now? (Not Rap Monster?) Real Me
27%
Bang PD'S real name Bang Si Hyuk
25%
J-Hope, Jimin, V and Jungkook are called Dance Line
24%
Jin, J-Hope and Jungkook's song Jamais Vu
24%
Gyeonwo chong! jojun! balsa! Not Today
20%
Jin, V and Jungkook are called Visual
17%
BTS' battle with another kpop band Blackpink
14%
What does HYYH stand for? Hwa Yong Yeon Hwa
13%
Heungtansonyeondan Boyz With Fun
11%
What would be Jungkook's name if it wasn't Jungkook? Seagull
10%
BTS' other main producer Supreme Boi
10%
The Most Beautiful Moment In Life: Young Forever and Love Yourself Answer are called Compilation Albums
9%
Skool Luv Affair: Special Addition and You never Walk Alone are called Repackage Albums
9%
J-Hope's era Wings
8%
BTS' battle with another boy band One Direction
7%
What does 작은 것들을 위한 mean? A poem for small things
1%
No matching quizzes found
Score Distribution
Percent of People with Each Score
Percentile by Number Answered
Your Score History
You have not taken this quiz